000 00905nam a2200253Ia 4500
003 OSt
005 20220923220000.0
006 a|||||r|||| 00| 0
007 ta
008 220922b |||||||| |||| 00| 0 hin d
024 _a183,331
037 _cTextual
040 _aARTS
_cARTS
_bhin
041 _2hin
_ahin
082 _aO152,1N194x, M9
100 _aस्नातक, विजयेन्द्र, संपा.
_9156505
245 0 _aतरूण काव्य ग्रन्थावली
246 _aTarūṇ kāvya granthāvalī
260 _aनयी दिल्ली
_b नेशनल पब्लिशिंग
_c1989
300 _a472 पृ.
_ccm.
650 _aहिन्दी साहित्य
_9156264
942 _hO152,1N194x, M9
_cTEXL
_2CC
999 _c336667
_d336667